Синергийность междисциплинарного подхода в практике преподавания гуманитарных дисциплин; Инженерное образование; № 20

Bibliografische gegevens
Parent link:Инженерное образование: электронный научный журнал/ Ассоциация инженерного образования России (АИОР).— : [Б. и.], 2003-.— 1810-2883
№ 20.— 2016.— [С. 252-256]
Hoofdauteur: Богатова Л. М. Лариса Михайловна
Samenvatting:Заглавие с титульного листа
Статья посвящена рассмотрению эффекта синергии, возникающего при реализации междисциплинарного подхода в практике преподавания гуманитарных дисциплин. Автор выделяет гомогенную и гетерогенную синергию и обращает особое внимание на междисциплинарность между предметами гуманитарного цикла. Анализируя взаимосвязь между морально-этическими и юридически-правовыми составляющими учебно-обоазовательного процесса в высшей школе, автор настоятельно проводит мысль о том, что синергийный эффект имеет глубинный социокультурный контекст, связанный с формированием определенного типа личности.
Taal:Russisch
Gepubliceerd in: 2016
Reeks:Студенты, аспиранты и преподаватели в междисциплинарных проектах и командах
Onderwerpen:
Online toegang:https://old.aeer.ru/files/io/m20/art_38.pdf
Formaat: Elektronisch Hoofdstuk
KOHA link:https://koha.lib.tpu.ru/cgi-bin/koha/opac-detail.pl?biblionumber=565805

MARC

LEADER 00000naa2a2200000 4500
001 565805
005 20250520140610.0
035 |a (RuTPU)RU\TPU\prd\262163 
035 |a RU\TPU\prd\262162 
090 |a 565805 
100 |a 20160907a2016 k y0rusy50 ca 
101 0 |a rus 
102 |a RU 
135 |a drcn ---uucaa 
181 0 |a i  
182 0 |a b 
200 1 |a Синергийность междисциплинарного подхода в практике преподавания гуманитарных дисциплин  |b Электронный ресурс  |f Л. М. Богатова 
203 |a Текст  |c электронный 
215 |a 1 файл (397 Кб) 
225 1 |a Студенты, аспиранты и преподаватели в междисциплинарных проектах и командах 
230 |a Электронные текстовые данные (1 файл : 397 Кб) 
300 |a Заглавие с титульного листа 
320 |a [Библиогр.: с. 256 (2 назв.)] 
330 |a Статья посвящена рассмотрению эффекта синергии, возникающего при реализации междисциплинарного подхода в практике преподавания гуманитарных дисциплин. Автор выделяет гомогенную и гетерогенную синергию и обращает особое внимание на междисциплинарность между предметами гуманитарного цикла. Анализируя взаимосвязь между морально-этическими и юридически-правовыми составляющими учебно-обоазовательного процесса в высшей школе, автор настоятельно проводит мысль о том, что синергийный эффект имеет глубинный социокультурный контекст, связанный с формированием определенного типа личности. 
461 1 |0 (RuTPU)RU\TPU\prd\176632  |x 1810-2883  |t Инженерное образование  |o электронный научный журнал  |f Ассоциация инженерного образования России (АИОР)  |n [Б. и.]  |d 2003- 
463 1 |0 (RuTPU)RU\TPU\prd\262093  |t № 20  |v [С. 252-256]  |d 2016 
610 1 |a инженерное образование 
610 1 |a электронный ресурс 
610 1 |a синергия 
610 1 |a междисциплинарность 
610 1 |a образование 
610 1 |a личность 
610 1 |a гуманитарные дисциплины 
700 1 |a Богатова  |b Л. М.  |g Лариса Михайловна 
801 1 |a RU  |b 63413507  |c 20090623  |g PSBO 
801 2 |a RU  |b 63413507  |c 20180426  |g PSBO 
856 4 |u https://old.aeer.ru/files/io/m20/art_38.pdf 
942 |c BK